000 00603nam a22001937a 4500
999 _c5506
_d5506
003 AR-CdUCM
008 190312b ||||| |||| 00| 0 spa d
040 _aMUNICIPALIDAD PROVINCIAL DEL CUSCO
_cBIBLIOTECA MUNICIPAL DEL CUSCO
082 _22ed.
_a869.018 /
_bT33
245 _aLa Virgen de la Merced en la poesía /
260 _aLima :
_bAmazonía Print,
_c1996.
300 _a622 páginas ;
_c21 cm.
650 _aVirgen de la Merced
_916515
650 _aPoesía
_9139
650 _aSiglo XX
_98
700 _aTejada Manrique, Juan Marcial (compilador)
_916516
942 _2ddc
_cLIBROS
945 _azta